Najbardziej okrągłe państwa świata. - Statystyki

Ogólne statystyki
  • Ten quiz został rozwiązany 426 razy
  • Średni wynik to 3 z 9
Statystyki odpowiedzi
okrągłość państwo % Poprawnych
0,903 Polska
88%
0,908 Watykan
57%
0,923 Nauru
26%
0,894 Urugwaj
26%
0,934 Sierra leone
25%
0,896 Szwajcaria
20%
0,915 Zimbabwe
14%
0,899 Wybrzeże Kości Słoniowej
5%
0,897 Surinam
4%
Nie znaleziono quizów pasujących do podanych kryteriów
Rozkład punktacji
Procent ludzi z każdym wynikiem
Percentyl według liczby udzielonych odpowiedzi
Twoja historia wyników
Nie rozwiązałeś tego quizu